| 000 | 00801nam a2200265 a 4500 | ||
|---|---|---|---|
| 001 | 69936 | ||
| 003 | BD-RjUL | ||
| 005 | 20211209081940.0 | ||
| 008 | 170415s1955 enka 001 0 eng d | ||
| 035 | _a(BD-RjUL)70148 | ||
| 040 |
_aDLC _cNmLcU _dBD-RjUL _beng |
||
| 041 | _aeng | ||
| 082 |
_a512 _223 _bVAU 1955 |
||
| 100 | 1 |
_aVance, Elbridge Putnam, _d1915- _9151127 |
|
| 245 | 1 | 0 |
_aUnified Algebra and Trigonometry / _cElbridge Putman Vance |
| 260 |
_aCambridge, Mass : _bAddison-Wesley Pub. Co., _cc1955. |
||
| 300 |
_a354 p. : _bill. ; _c22 cm. |
||
| 500 | _aIncludes Index. | ||
| 650 | 0 |
_aAlgebra. _9207136 |
|
| 650 | 0 |
_aTrigonometry. _9207137 |
|
| 856 | _3Addison-Wesley mathematics series | ||
| 942 |
_2ddc _cBK |
||
| 999 |
_c69936 _d69936 |
||